[Event "37th Capablanca Memorial"]
[Site "Havana CUB"]
[Date "2002.05.06"]
[Round "1"]
[White "Vera Gonzalez, Reynaldo"]
[Black "Nogueiras Santiago, Jesus"]
[Result "1/2-1/2"]
[WhiteElo "2537"]
[BlackElo "2534"]
[EventDate "2002.05.06"]
[PlyCount "62"]

1.c4 Nf6 2.Nc3 d6 3.d4 Bf5 4.Nf3 g6 5.g3 Ne4 6.Nxe4 Bxe4 7.Bh3 Bg7 8.O-O 
O-O 9.Be3 Bxf3 10.exf3 Nc6 11.f4 e6 12.d5 exd5 13.cxd5 Ne7 14.Qd2 c5 15.
dxc6 bxc6 16.Rfd1 d5 17.Rac1 Re8 18.Bc5 Qc7 19.Rc2 Qb7 20.Rdc1 a5 21.b3 a4
22.b4 a3 23.Bxe7 Qxe7 24.Rxc6 Bb2 25.Rd1 d4 26.b5 Rab8 27.Bf1 Qd7 28.Bc4 
Re7 29.Kg2 Rxb5 30.Bxb5 Qd5+ 31.Kg1 Qxb5 1/2-1/2

[Event "37th Capablanca Memorial"]
[Site "Havana CUB"]
[Date "2002.05.06"]
[Round "1"]
[White "Zapata Ramirez, Alonso"]
[Black "Arencibia Rodriguez, Walter"]
[Result "1/2-1/2"]
[WhiteElo "2541"]
[BlackElo "2542"]
[EventDate "2002.05.06"]
[PlyCount "115"]

1.e4 e5 2.Nf3 Nc6 3.Bb5 a6 4.Ba4 Nf6 5.O-O Be7 6.Re1 b5 7.Bb3 d6 8.a4 Bd7 
9.c3 Na5 10.Bc2 c5 11.d4 Qb8 12.Nbd2 O-O 13.Nf1 cxd4 14.cxd4 Nc6 15.Ne3 
Bd8 16.Nf5 Bxf5 17.exf5 Re8 18.Bg5 Ra7 19.h3 h6 20.Bh4 Rc7 21.axb5 axb5 
22.Bd3 Qb6 23.dxe5 dxe5 24.Qb3 b4 25.Ra8 Kf8 26.Qa4 Qc5 27.Bg3 Nd7 28.Qb5 
Nd4 29.Qxc5+ Nxc5 30.Nxe5 Nxd3 31.Nxd3 Rxe1+ 32.Nxe1 Rd7 33.Bc7 Ke7 34.
Bxd8+ Rxd8 35.Rxd8 Kxd8 36.Nd3 b3 37.g4 Ke7 38.f4 Kd6 39.Kf2 Kd5 40.Ke3 f6
41.Nf2 h5 42.Kd3 h4 43.Nd1 Nf3 44.Nc3+ Kc5 45.Ne2 Kb4 46.Ke3 Ne1 47.Kd4 
Nc2+ 48.Kd3 Ne1+ 49.Kd4 Nc2+ 50.Kd5 Ne3+ 51.Ke6 Nc4 52.Nd4 Nxb2 53.g5 Nd3 
54.Nxb3 Nxf4+ 55.Kf7 Kxb3 56.gxf6 gxf6 57.Kxf6 Nxh3 58.Ke5 1/2-1/2

[Event "37th Capablanca Memorial"]
[Site "Havana CUB"]
[Date "2002.05.07"]
[Round "2"]
[White "Stefansson, Hannes Hlifar"]
[Black "Kogan, Artur"]
[Result "1-0"]
[WhiteElo "2598"]
[BlackElo "2540"]
[EventDate "2002.05.06"]
[PlyCount "82"]

1.e4 c5 2.Nf3 Nc6 3.d4 cxd4 4.Nxd4 Qc7 5.Nc3 e6 6.Be2 a6 7.O-O Nf6 8.Be3 
d6 9.f4 Bd7 10.Qe1 b5 11.a3 Be7 12.Qg3 h5 13.Bf3 Ng4 14.Bxg4 hxg4 15.Qxg4 
Bf6 16.Nf3 Na5 17.Bd4 Bxd4+ 18.Nxd4 Qc5 19.Ne2 Nc4 20.Qxg7 O-O-O 21.b4 Qb6
22.Rf2 e5 23.fxe5 dxe5 24.Nb3 Rxh2 25.Nc5 Rdh8 26.Rxf7 Qd8 27.Ng3 Ne3 28.
Rf2 R2h7 29.Qf6 Qxf6 30.Rxf6 Rg8 31.Rf3 Nxc2 32.Nxd7 Kxd7 33.Rd1+ Ke6 34.
Nf5 Nd4 35.Nxd4+ exd4 36.Rxd4 Ke5 37.Rd2 Kxe4 38.Rf6 Ra7 39.Re6+ Kf4 40.
Rde2 Kg3 41.R2e3+ Kf4 1-0

[Event "37th Capablanca Memorial"]
[Site "Havana CUB"]
[Date "2002.05.08"]
[Round "3"]
[White "Nataf, Igor-Alexandre"]
[Black "Arencibia Rodriguez, Walter"]
[Result "0-1"]
[WhiteElo "2567"]
[BlackElo "2542"]
[EventDate "2002.05.06"]
[PlyCount "128"]

1.e4 e6 2.d4 d5 3.Nc3 Bb4 4.exd5 exd5 5.Bd3 Ne7 6.Qh5 Nbc6 7.Nf3 g6 8.Qh4 
Nf5 9.Qxd8+ Kxd8 10.Bg5+ Nfe7 11.Bf6 Re8 12.Ng5 Bf5 13.Bxf5 gxf5 14.O-O-O 
Bxc3 15.bxc3 h5 16.Nxf7+ Kd7 17.Rhe1 Ng6 18.Bg5 Rxe1 19.Rxe1 Rf8 20.Ne5+ 
Ngxe5 21.dxe5 Ke6 22.f4 Na5 23.Re3 Nc4 24.Rh3 Rh8 25.Bf6 Rh7 26.Rg3 Nd6 
27.Rg8 Ne4 28.Bh4 c5 29.Kb2 Kf7 30.Ra8 Rh6 31.Be1 Rb6+ 32.Kc1 Ra6 33.Rb8 
Rxa2 34.Rxb7+ Ke8 35.Kb1 Ra6 36.Rh7 Rg6 37.Rxh5 Rxg2 38.Kb2 d4 39.cxd4 
cxd4 40.Kb3 Kd7 41.Rh6 Nc5+ 42.Kc4 Ne6 43.Kd5 Nxf4+ 44.Kxd4 Ne6+ 45.Kd3 f4
46.c4 f3 47.Bg3 Re2 48.Rf6 Nc5+ 49.Kd4 Ne6+ 50.Kd5 Nc7+ 51.Kc5 Ne6+ 52.Kb4
Ng5 53.Ra6 Ne4 54.e6+ Ke8 55.Bh4 Rxh2 56.Ra3 Rxh4 57.Rxf3 Nd6 58.Rc3 Ke7 
59.Ka5 Rh1 60.c5 Ra1+ 61.Kb4 a5+ 62.Kb3 Nb5 63.c6 Ra3+ 64.Kc2 Rxc3+ 0-1

[Event "37th Capablanca Memorial"]
[Site "Havana CUB"]
[Date "2002.05.08"]
[Round "3"]
[White "Vera Gonzalez, Reynaldo"]
[Black "Morovic Fernandez, Ivan"]
[Result "1/2-1/2"]
[WhiteElo "2537"]
[BlackElo "2556"]
[EventDate "2002.05.06"]
[PlyCount "44"]

1.d4 d5 2.c4 c6 3.Nc3 Nf6 4.cxd5 cxd5 5.Bf4 Nc6 6.e3 Bf5 7.Nf3 e6 8.Qb3 
Bb4 9.Bb5 O-O 10.Bxc6 Bxc3+ 11.Qxc3 Rc8 12.Ne5 Ng4 13.Nxg4 Bxg4 14.Qa3 
Rxc6 15.Qxa7 Rc2 16.O-O Be2 17.Rfc1 Rxb2 18.Rab1 Rxb1 19.Rxb1 b5 20.a4 Qa8
21.Qxa8 Rxa8 22.axb5 Bxb5 1/2-1/2

[Event "37th Capablanca Memorial"]
[Site "Havana CUB"]
[Date "2002.05.09"]
[Round "4"]
[White "Morovic Fernandez, Ivan"]
[Black "Nataf, Igor-Alexandre"]
[Result "0-1"]
[WhiteElo "2556"]
[BlackElo "2567"]
[EventDate "2002.05.06"]
[PlyCount "66"]

1.e4 c5 2.Nf3 Nc6 3.d4 cxd4 4.Nxd4 Nf6 5.Nc3 e5 6.Ndb5 d6 7.Bg5 a6 8.Na3 
b5 9.Bxf6 gxf6 10.Nd5 Bg7 11.Bd3 Ne7 12.Nxe7 Qxe7 13.c4 f5 14.O-O O-O 15.
Qf3 bxc4 16.Nxc4 d5 17.exd5 e4 18.Qe3 Bb7 19.d6 Qf6 20.Bc2 f4 21.Qh3 Rac8 
22.b3 Qg5 23.Rad1 f5 24.d7 Rcd8 25.Nd6 Ba8 26.f3 Rxd7 27.fxe4 f3 28.Nxf5 
Rxd1 29.Bxd1 fxg2 30.Rf2 Bxe4 31.Ng3 Rxf2 32.Qe6+ Kh8 33.Qxe4 Qc5 0-1

[Event "37th Capablanca Memorial"]
[Site "Havana CUB"]
[Date "2002.05.09"]
[Round "4"]
[White "Nogueiras Santiago, Jesus"]
[Black "Kogan, Artur"]
[Result "1-0"]
[WhiteElo "2534"]
[BlackElo "2540"]
[EventDate "2002.05.06"]
[PlyCount "90"]

1.Nf3 f5 2.g3 b6 3.Bg2 Bb7 4.O-O Nf6 5.c4 e6 6.d4 Qc8 7.b3 Be7 8.Bb2 O-O 
9.Nc3 Ne4 10.d5 Bf6 11.Nd4 c5 12.Ndb5 Nxc3 13.Bxc3 Bxc3 14.Nxc3 e5 15.f4 
e4 16.g4 g6 17.gxf5 gxf5 18.Kh1 Qd8 19.Rg1 Kh8 20.Qd2 d6 21.Bh3 Qf6 22.Rg5
Bc8 23.Rag1 Na6 24.Nd1 Bd7 25.Ne3 Qd4 26.Rd1 b5 27.Qxd4+ cxd4 28.Rxd4 bxc4
29.bxc4 Rab8 30.Bxf5 Rb1+ 31.Kg2 Rb2 32.Kf2 Bxf5 33.Nxf5 Nc5 34.Rd1 Na4 
35.Rc1 Rxa2 36.Nxd6 Ra3 37.Rf5 Rxf5 38.Nxf5 Nc5 39.Rb1 Kg8 40.Rb5 e3+ 41.
Kf3 Nb3 42.d6 Nd2+ 43.Kg2 Ra6 44.d7 Rg6+ 45.Ng3 Rxg3+ 1-0

[Event "37th Capablanca Memorial"]
[Site "Havana CUB"]
[Date "2002.05.09"]
[Round "4"]
[White "Zapata Ramirez, Alonso"]
[Black "Vera Gonzalez, Reynaldo"]
[Result "0-1"]
[WhiteElo "2541"]
[BlackElo "2537"]
[EventDate "2002.05.06"]
[PlyCount "170"]

1.e4 c5 2.Nf3 d6 3.d4 cxd4 4.Nxd4 Nf6 5.Nc3 a6 6.Bc4 e6 7.O-O Be7 8.Bb3 
O-O 9.Qf3 Nbd7 10.Rd1 Qc7 11.Qg3 Nc5 12.Bh6 Ne8 13.Rd2 b5 14.f3 Bd7 15.Be3
Nf6 16.a3 Rab8 17.Ba2 a5 18.Nb3 Na4 19.Nd1 Rfc8 20.Nc1 Nb6 21.Ne2 Be8 22.
Bd4 Nbd7 23.Ne3 Bf8 24.Nf4 b4 25.axb4 axb4 26.Bxe6 fxe6 27.Nxe6 Qc6 28.
Nxf8 Kxf8 29.Nf5 Bg6 30.Nxd6 Rc7 31.Rad1 Kg8 32.Be3 Rf8 33.e5 Ne8 34.b3 
Nxd6 35.Rxd6 Qxc2 36.e6 Nf6 37.Qe5 Qf5 38.Bd4 Re8 39.Qe3 Rce7 40.Re1 Nd5 
41.Qe2 Nf4 42.Qc4 Qc2 43.Qxc2 Bxc2 44.Bc5 Rxe6 45.Rexe6 Nxe6 46.Bxb4 Bxb3 
47.Rd2 Rc8 48.Kf2 Rc2 49.Rxc2 Bxc2 50.h4 Kf7 51.Bc3 g6 52.Be5 Ng7 53.g4 
Bd1 54.Ke3 h5 55.Kf4 Ne6+ 56.Kg3 Ke7 57.Bb2 Kd6 58.Bf6 Kd5 59.Bb2 Kc4 60.
Bf6 Kd3 61.Be7 Ke2 62.Bg5 Nd4 63.gxh5 gxh5 64.Kf4 Nxf3 65.Be7 Nd4 66.Bf6 
Ne6+ 67.Kg3 Ke3 68.Be7 Nd4 69.Bf6 Ke4 70.Bg5 Nf5+ 71.Kf2 Ba4 72.Kg2 Nd4 
73.Bf6 Nf3 74.Kg3 Kf5 75.Bc3 Bc6 76.Bb2 Nd2 77.Bg7 Ne4+ 78.Kf3 Bb7 79.Bh8 
Bd5 80.Ba1 Bb3 81.Bd4 Bd1+ 82.Ke3 Ng3 83.Bb6 Kg4 84.Bd8 Nf5+ 85.Kf2 Nxh4 
0-1

[Event "37th Capablanca Memorial"]
[Site "Havana CUB"]
[Date "2002.05.10"]
[Round "5"]
[White "Vera Gonzalez, Reynaldo"]
[Black "Stefansson, Hannes Hlifar"]
[Result "1/2-1/2"]
[WhiteElo "2537"]
[BlackElo "2598"]
[EventDate "2002.05.06"]
[PlyCount "50"]

1.d4 Nf6 2.c4 e6 3.Nc3 Bb4 4.Qc2 O-O 5.a3 Bxc3+ 6.Qxc3 b6 7.Bg5 Bb7 8.e3 
d6 9.f3 Nbd7 10.Nh3 h6 11.Bh4 Rc8 12.b3 c5 13.Qb2 d5 14.Be2 cxd4 15.exd4 
dxc4 16.bxc4 Re8 17.O-O e5 18.Rfd1 exd4 19.Rxd4 Qe7 20.Bf1 Qc5 21.Rd1 Bc6 
22.Nf4 Qe5 23.Nd3 Qe6 24.Nf4 Qe5 25.Nd3 Qe6 1/2-1/2

[Event "37th Capablanca Memorial"]
[Site "Havana CUB"]
[Date "2002.05.11"]
[Round "6"]
[White "Morovic Fernandez, Ivan"]
[Black "Kogan, Artur"]
[Result "0-1"]
[WhiteElo "2556"]
[BlackElo "2540"]
[EventDate "2002.05.06"]
[PlyCount "74"]

1.e4 c5 2.Nf3 Nc6 3.d4 cxd4 4.Nxd4 Qc7 5.Nc3 e6 6.Be2 a6 7.O-O Nf6 8.Be3 
h5 9.f4 b5 10.Nxc6 Qxc6 11.Bf3 Ng4 12.Bd4 d6 13.e5 d5 14.Bxg4 hxg4 15.Qxg4
b4 16.Ne2 Qxc2 17.Rac1 Qe4 18.Rfd1 g5 19.Ng3 Qh7 20.fxg5 Qxh2+ 21.Kf2 Qh4 
22.Kf3 Be7 23.Be3 a5 24.Rh1 Qxg4+ 25.Kxg4 Rg8 26.Rh7 Ba6 27.Rch1 Bd3 28.
Rh8 Kd7 29.Rxg8 Rxg8 30.Rc1 Rc8 31.Kf3 Rxc1 32.Bxc1 Kc6 33.Ne2 Bxe2+ 34.
Kxe2 d4 35.Kd3 Kd5 36.Bf4 Bd8 37.Bg3 Bc7 0-1

[Event "37th Capablanca Memorial"]
[Site "Havana CUB"]
[Date "2002.05.11"]
[Round "6"]
[White "Stefansson, Hannes Hlifar"]
[Black "Nogueiras Santiago, Jesus"]
[Result "1/2-1/2"]
[WhiteElo "2598"]
[BlackElo "2534"]
[EventDate "2002.05.06"]
[PlyCount "31"]

1.e4 e6 2.d4 d5 3.Nc3 Nf6 4.Bg5 dxe4 5.Nxe4 Nbd7 6.Nf3 h6 7.Nxf6+ Nxf6 8.
Be3 Bd6 9.Bd3 Bd7 10.Qe2 Qe7 11.O-O O-O 12.Ne5 Rfd8 13.Qf3 Nd5 14.Bd2 c5 
15.c4 Nf6 16.Bc3 1/2-1/2

[Event "37th Capablanca Memorial"]
[Site "Havana CUB"]
[Date "2002.05.12"]
[Round "7"]
[White "Kogan, Artur"]
[Black "Zapata Ramirez, Alonso"]
[Result "0-1"]
[WhiteElo "2540"]
[BlackElo "2541"]
[EventDate "2002.05.06"]
[PlyCount "80"]

1.d4 Nf6 2.Nf3 g6 3.Nc3 d5 4.Bf4 Bg7 5.Qd2 O-O 6.Bh6 Ne4 7.Nxe4 dxe4 8.
Bxg7 Kxg7 9.Ne5 c5 10.e3 Qc7 11.O-O-O Rd8 12.Qc3 f6 13.Nc4 Na6 14.Be2 Nb4 
15.Kb1 Be6 16.dxc5 Qxc5 17.a3 Nc6 18.Nd2 Qxc3 19.bxc3 f5 20.Nb3 Kf6 21.h4 
Ne5 22.Rd4 Rdc8 23.Kb2 Rc7 24.Rb4 Bc4 25.Bxc4 Nxc4+ 26.Ka2 Nd6 27.Nd4 Rxc3
28.Rb3 Rc5 29.Kb1 Rac8 30.Rd1 b6 31.Rd2 Nc4 32.Rd1 e5 33.Ne2 Ke6 34.g3 Ra5
35.Rc3 Nxa3+ 36.Kb2 Nc4+ 37.Kb3 Ra3+ 38.Kb4 a5+ 39.Kb5 Rxc3 40.Nxc3 Nd6+ 
0-1

[Event "37th Capablanca Memorial"]
[Site "Havana CUB"]
[Date "2002.05.15"]
[Round "8"]
[White "Morovic Fernandez, Ivan"]
[Black "Nogueiras Santiago, Jesus"]
[Result "1/2-1/2"]
[WhiteElo "2556"]
[BlackElo "2534"]
[EventDate "2002.05.06"]
[PlyCount "35"]

1.e4 e6 2.d4 d5 3.Nd2 c5 4.Ngf3 cxd4 5.exd5 Qxd5 6.Bc4 Qd6 7.O-O Nf6 8.Nb3
Nc6 9.Nbxd4 Nxd4 10.Nxd4 a6 11.Bb3 Bd7 12.c3 Qc7 13.Qf3 Bd6 14.h3 Bh2+ 15.
Kh1 Be5 16.Bg5 h6 17.Bh4 O-O-O 18.Rfe1 1/2-1/2

[Event "37th Capablanca Memorial"]
[Site "Havana CUB"]
[Date "2002.05.15"]
[Round "8"]
[White "Stefansson, Hannes Hlifar"]
[Black "Arencibia Rodriguez, Walter"]
[Result "1-0"]
[WhiteElo "2598"]
[BlackElo "2542"]
[EventDate "2002.05.06"]
[PlyCount "83"]

1.e4 c5 2.Nf3 d6 3.d4 cxd4 4.Nxd4 Nf6 5.Nc3 Nbd7 6.Be2 Nc5 7.Bf3 e6 8.Be3 
a6 9.O-O Qc7 10.a4 Be7 11.a5 O-O 12.g3 Rb8 13.Bg2 b5 14.axb6 Rxb6 15.Nb3 
Bb7 16.Re1 Rd8 17.Qe2 Rb4 18.Bxc5 dxc5 19.Na5 Nd7 20.Nxb7 Rxb7 21.Nd1 Nb8 
22.e5 Ra7 23.c3 Nd7 24.Qe4 a5 25.h4 h5 26.c4 Qb6 27.Nc3 Nb8 28.Nb5 Rad7 
29.Ra3 Rd2 30.Qf3 g6 31.Qf4 Rd1 32.Rxd1 Rxd1+ 33.Kh2 Bf8 34.g4 hxg4 35.
Qxg4 Qd8 36.h5 Bg7 37.f4 gxh5 38.Qxh5 Qd2 39.Rg3 Qc2 40.f5 Rd3 41.Rxg7+ 
Kxg7 42.f6+ 1-0

[Event "37th Capablanca Memorial"]
[Site "Havana CUB"]
[Date "2002.05.15"]
[Round "8"]
[White "Vera Gonzalez, Reynaldo"]
[Black "Kogan, Artur"]
[Result "1/2-1/2"]
[WhiteElo "2537"]
[BlackElo "2540"]
[EventDate "2002.05.06"]
[PlyCount "81"]

1.d4 Nf6 2.c4 c5 3.Nf3 cxd4 4.Nxd4 e5 5.Nb5 d5 6.cxd5 Bc5 7.N5c3 O-O 8.e3 
Qe7 9.a3 e4 10.b4 Bd6 11.Bb2 a5 12.bxa5 Bg4 13.Be2 Bxe2 14.Nxe2 Rxa5 15.
Qd2 Ra6 16.Ng3 Nbd7 17.Nf5 Qd8 18.Nxd6 Rxd6 19.O-O Nc5 20.Bxf6 Rxf6 21.Qb4
Qxd5 22.Nc3 Qf5 23.Rad1 Rg6 24.Ne2 Qg4 25.Nf4 Rc6 26.Rd5 b6 27.Qd4 h6 28.
h3 Qh4 29.Rd1 Qe7 30.Nh5 Rg6 31.Nf4 Rc6 32.Nh5 Rg6 33.Nf4 Rg5 34.Rd8 Rxd8 
35.Qxd8+ Qxd8 36.Rxd8+ Kh7 37.Rb8 Na4 38.Rb7 Kg8 39.Rb8+ Kh7 40.Rb7 Kg8 
41.Rb8+ 1/2-1/2